[Event "Buenos Aires op 3rd"]
[Site "Buenos Aires"]
[Date "2025.07.15"]
[Round "7"]
[White "Paris, Adolfo"]
[Black "Donoso Aguirre, Maximiliano"]
[Result "1-0"]
[WhiteElo "2256"]
[BlackElo "2050"]
[PlyCount "107"]
[EventDate "2025.07.11"]
[EventType "swiss"]
[EventRounds "9"]
[EventCountry "ARG"]
[SourceTitle "CB30_2025"]
[SourceDate "2025.07.23"]
[SourceVersion "1"]
[SourceVersionDate "2025.07.23"]
[SourceQuality "1"]

1. c4 e6 2. g3 d5 3. Bg2 d4 4. Nf3 c5 5. d3 Ne7 6. e3 Nec6 7. exd4 cxd4 8. 0-0 Be7 9. Na3 0-0 10. Nc2 e5 11. b4 Nxb4 12. Nxe5 N8a6 13. Bb2 Nxc2 14. Qxc2 Nc5 15. Rfe1 Be6 16. Rab1 Rc8 17. Ba3 b6 18. Bc1 Bf5 19. Ba3 Bf6 20. Rbd1 Qd6 21. Nf3 Rfe8 22. Nd2 Qc7 23. Bxc5 Qxc5 24. Qb1 h6 25. Be4 Bg4 26. Rc1 Re5 27. Bd5 Rce8 28. Ne4 Qc7 29. f4 R5e7 30. Qb4 Bf5 31. c5 Bxe4 32. dxe4 g6 33. cxb6 Qxb6 34. Qxb6 axb6 35. Rc6 Bg7 36. Rb1 d3 37. Rd1 Bd4+ 38. Kf1 Kg7 39. Rxd3 Bc5 40. Kg2 Ra7 41. Kf3 Rd8 42. e5 h5 43. h3 Rxa2 44. Rd1 Rf2+ 45. Ke4 Re2+ 46. Kd3 Rb2 47. Kc3 Rg2 48. Rd3 Rg1 49. Rc7 Bf2 50. Rxf7+ Kh8 51. e6 Bc5 52. e7 Rc8 53. Be6 Bb4+ 54. Kxb4 1-0

[Event "Buenos Aires op 3rd"]
[Site "Buenos Aires"]
[Date "2025.07.14"]
[Round "6"]
[White "Paris, Adolfo"]
[Black "Villca, Julian"]
[Result "0-1"]
[WhiteElo "2256"]
[BlackElo "2397"]
[PlyCount "194"]
[EventDate "2025.07.11"]
[EventType "swiss"]
[EventRounds "9"]
[EventCountry "ARG"]
[SourceTitle "CB30_2025"]
[SourceDate "2025.07.23"]
[SourceVersion "1"]
[SourceVersionDate "2025.07.23"]
[SourceQuality "1"]

1. c4 Nf6 2. g3 g6 3. Bg2 Bg7 4. Nf3 0-0 5. 0-0 d6 6. d4 Nbd7 7. Nc3 e5 8. e3 c6 9. b3 Re8 10. Bb2 e4 11. Nd2 d5 12. f3 exf3 13. Qxf3 Nb6 14. c5 Bg4 15. Qf4 Nbd7 16. e4 Be6 17. Rae1 Qb8 18. Qf3 h5 19. exd5 cxd5 20. Nb5 Bg4 21. Rxe8+ Qxe8 22. Qf2 Qe2 23. Nc7 Qxf2+ 24. Rxf2 Rd8 25. Nxd5 Nxd5 26. Bxd5 Nxc5 27. Bxf7+ Kh7 28. dxc5 Bxb2 29. Nf3 Ba3 30. Kg2 Bxc5 31. Rc2 Bb6 32. Bc4 Rd1 33. h3 Bf5 34. Re2 Bc5 35. Ng5+ Kh6 36. Nf7+ Kg7 37. Ng5 Bb4 38. Ne6+ Kh6 39. Nf4 Bd6 40. Ne6 b6 41. Nd8 Bc5 42. Nf7+ Kg7 43. Ng5 Bb4 44. Ne6+ Kh6 45. Nf4 Bd6 46. Ne6 Rc1 47. Rd2 Be5 48. Re2 Bc3 49. Nf4 a5 50. Nd3 Rd1 51. Nf4 Bd7 52. Re7 Bf5 53. Re2 Bb4 54. Ne6 Ba3 55. Nf4 Rc1 56. Nd5 Bc5 57. Nf4 Rg1+ 58. Kh2 Rd1 59. Ne6 Bd6 60. Kg2 Rc1 61. Rd2 Bb4 62. Re2 a4 63. Nf4 Bd6 64. Nd5 Bc5 65. Nf4 a3 66. Nd3 Rxc4 67. bxc4 Bxd3 68. Rd2 Bxc4 69. Kf3 Bf8 70. Kf4 Bg7 71. g4 hxg4 72. hxg4 Bb2 73. g5+ Kg7 74. Rd7+ Kf8 75. Rd6 Bxa2 76. Rxg6 Bf7 77. Rxb6 a2 78. Ra6 a1Q 79. Rxa1 Bxa1 80. Kf5 Kg7 81. Kf4 Kg6 82. Kg4 Bd5 83. Kf4 Bd4 84. Kg4 Be3 85. Kh4 Bf3 86. Kg3 Be2 87. Kh4 Bd4 88. Kg3 Kxg5 89. Kg2 Kg4 90. Kh2 Kf3 91. Kh3 Bf6 92. Kh2 Kf2 93. Kh3 Bh5 94. Kh2 Bg4 95. Kh1 Be6 96. Kh2 Be5+ 97. Kh1 Bd5# 0-1

[Event "Buenos Aires Faogba op 3rd"]
[Site "Buenos Aires"]
[Date "2025.04.03"]
[Round "3"]
[White "Heredia Serrano, Carla Sofia"]
[Black "Paris, Adolfo"]
[Result "1-0"]
[WhiteElo "2085"]
[BlackElo "2232"]
[PlyCount "103"]
[EventDate "2025.04.02"]
[EventType "swiss"]
[EventRounds "9"]
[EventCountry "ARG"]
[SourceTitle "CB16_2025"]
[SourceDate "2025.04.16"]
[SourceVersion "1"]
[SourceVersionDate "2025.04.16"]
[SourceQuality "1"]

1. e4 e5 2. Nf3 Nc6 3. Bb5 a6 4. Ba4 Nf6 5. 0-0 Nxe4 6. d4 b5 7. Bb3 d5 8. dxe5 Be6 9. Nbd2 Nc5 10. c3 Be7 11. Bc2 Bg4 12. b4 Ne6 13. Qe1 0-0 14. a4 Qd7 15. Bb2 Bh5 16. Qe3 Rad8 17. axb5 axb5 18. Bf5 Bg6 19. Bh3 d4 20. Nxd4 Ncxd4 21. cxd4 Bxb4 22. Nb3 Qd5 23. Rac1 Nf4 24. Nc5 Nxh3+ 25. Qxh3 Qa2 26. e6 Rfe8 27. exf7+ Qxf7 28. Nd3 Bd6 29. Ne5 Bxe5 30. dxe5 Bd3 31. Rfe1 Bc4 32. Rcd1 Be6 33. Qe3 Qe7 34. h3 c5 35. Qg3 b4 36. Rd6 c4 37. Bd4 Rc8 38. f4 c3 39. f5 Bxf5 40. e6 Rc7 41. Qe5 c2 42. Kh2 b3 43. Bb2 Ra7 44. Qd4 Ra4 45. Qe5 Qf6 46. Qb5 Qf8 47. Rd7 Rb4 48. Qe5 Rxe6 49. Rxg7+ Kh8 50. Qxe6 Bxe6 51. Rg6+ Qg7 52. Rxg7 1-0

[Event "Villa Martelli ProAm op 31st"]
[Site "Villa Martelli"]
[Date "2024.10.25"]
[Round "7"]
[White "Sorin, Ariel"]
[Black "Paris, Adolfo"]
[Result "1-0"]
[WhiteElo "2317"]
[BlackElo "2046"]
[PlyCount "85"]
[EventDate "2024.10.19"]
[EventType "swiss"]
[EventRounds "9"]
[EventCountry "ARG"]
[SourceTitle "CB44_2024"]
[Source "Chessbase"]
[SourceDate "2024.10.30"]
[SourceVersion "1"]
[SourceVersionDate "2024.10.30"]
[SourceQuality "1"]

1. d4 Nf6 2. c4 e6 3. Nf3 b6 4. g3 Bb7 5. Bg2 Bb4+ 6. Bd2 a5 7. 0-0 0-0 8. Bf4 Be7 9. Nc3 Ne4 10. Qc2 Nxc3 11. Qxc3 d6 12. Qc2 f5 13. Ne1 Bxg2 14. Nxg2 Nc6 15. Rad1 Bf6 16. d5 Nb4 17. Qb1 exd5 18. cxd5 Qe8 19. a3 Na6 20. Be3 Qb5 21. Rd2 Rae8 22. Nf4 Bg5 23. Ne6 Bxe3 24. fxe3 Rf6 25. e4 Rfxe6 26. dxe6 Qc5+ 27. Rf2 fxe4 28. Qxe4 Qc1+ 29. Kg2 Qxd2 30. Qf5 h6 31. Qf7+ Kh7 32. Qxe8 Qd5+ 33. Rf3 Qe5 34. Qf7 Qxe2+ 35. Rf2 Qe4+ 36. Kh3 c5 37. e7 Nc7 38. Qf5+ Qxf5+ 39. Rxf5 Kg6 40. Rf8 d5 41. Rc8 Ne8 42. Rxe8 Kf7 43. Rb8 1-0

[Event "Villa Martelli ProAm op 31st"]
[Site "Villa Martelli"]
[Date "2024.10.23"]
[Round "5"]
[White "Chiappero, Julio Alfredo"]
[Black "Paris, Adolfo"]
[Result "0-1"]
[WhiteElo "2246"]
[BlackElo "2046"]
[PlyCount "88"]
[EventDate "2024.10.19"]
[EventType "swiss"]
[EventRounds "9"]
[EventCountry "ARG"]
[SourceTitle "CB44_2024"]
[Source "Chessbase"]
[SourceDate "2024.10.30"]
[SourceVersion "1"]
[SourceVersionDate "2024.10.30"]
[SourceQuality "1"]

1. d4 Nf6 2. c4 e6 3. Nc3 Bb4 4. e3 b6 5. Bd3 Bb7 6. f3 d5 7. cxd5 exd5 8. Nge2 0-0 9. 0-0 Re8 10. a3 Bd6 11. Bd2 a6 12. b4 Nbd7 13. Qb3 Rb8 14. b5 axb5 15. Nxb5 Bf8 16. Rac1 c6 17. Nbc3 c5 18. Bb5 g6 19. Nf4 c4 20. Qb2 Bh6 21. Rce1 Qc7 22. Qc2 Re7 23. g3 Rbe8 24. Ng2 Bc6 25. f4 Ne4 26. Nxe4 Rxe4 27. Rb1 Bf8 28. a4 f5 29. Ne1 Ra8 30. Nd3 Re6 31. Ne5 Bxb5 32. Rxb5 Nf6 33. Rfb1 Qd8 34. Be1 Ne4 35. g4 Bg7 36. gxf5 gxf5 37. a5 Bxe5 38. dxe5 bxa5 39. Qd1 c3 40. Qh5 Rg6+ 41. Kf1 Qc8 42. Qe2 Kh8 43. Rc1 Qg8 44. Qf3 d4 0-1

[Event "Buenos Aires Masters op"]
[Site "Buenos Aires"]
[Date "2024.06.20"]
[Round "6"]
[White "Paris, Adolfo"]
[Black "Villarreal, Agustin"]
[Result "0-1"]
[WhiteElo "2024"]
[BlackElo "2292"]
[PlyCount "189"]
[EventDate "2024.06.17"]
[EventType "swiss"]
[EventRounds "9"]
[EventCountry "ARG"]
[SourceTitle "CBM 220 Extra"]
[Source "ChessBase"]
[SourceDate "2024.07.31"]
[SourceVersion "1"]
[SourceVersionDate "2024.07.31"]
[SourceQuality "1"]

1. c4 e6 2. g3 d5 3. Bg2 d4 4. Nf3 Nc6 5. 0-0 Bc5 6. d3 a5 7. e3 Nge7 8. exd4 Nxd4 9. Nc3 0-0 10. Bf4 Nef5 11. Nd2 Re8 12. Nde4 Bf8 13. Re1 e5 14. Bd2 h6 15. f4 exf4 16. Bxf4 c6 17. Kh1 Ne6 18. Qd2 Nxf4 19. Qxf4 Be6 20. Rad1 Nd4 21. c5 Qd7 22. Na4 Rab8 23. Nb6 Qd8 24. Nc4 Nb5 25. a4 Nc7 26. Ned6 Bxd6 27. Nxd6 Re7 28. Qf2 Qd7 29. Re2 Ne8 30. Ne4 Bg4 31. Bf3 Bxf3+ 32. Qxf3 f5 33. Nc3 Rxe2 34. Qxe2 Nc7 35. d4 Rf8 36. Qc4+ Kh8 37. Re1 f4 38. Rf1 Ne6 39. d5 cxd5 40. Nxd5 fxg3 41. Rxf8+ Nxf8 42. hxg3 Qh3+ 43. Kg1 Qxg3+ 44. Kf1 Qf3+ 45. Ke1 Ne6 46. c6 bxc6 47. Ne7 Qg3+ 48. Kf1 Qh3+ 49. Kf2 Qh2+ 50. Kf1 Qd6 51. Nxc6 Qd1+ 52. Kf2 Qd2+ 53. Qe2 Qf4+ 54. Qf3 Qxa4 55. Qd5 Qc2+ 56. Kg3 Qg6+ 57. Kf3 Qf6+ 58. Ke3 Qf4+ 59. Kd3 Qf1+ 60. Kc2 Nf4 61. Qd8+ Kh7 62. Nxa5 Qe2+ 63. Kc3 Qe3+ 64. Kc2 Qc5+ 65. Kb1 Nd5 66. Nb3 Qc4 67. Nd2 Qd4 68. Kc1 h5 69. Qc8 Ne3 70. Qe8 Qc5+ 71. Kb1 Qf5+ 72. Qe4 Kg6 73. Kc1 Qxe4 74. Nxe4 Kf5 75. Nf2 g5 76. b4 Kf4 77. Kd2 Nd5 78. b5 g4 79. Ke1 g3 80. Kf1 gxf2 81. Kxf2 Ke5 82. Kg3 Kd6 83. Kh4 Nf6 84. Kg5 Kc7 85. Kh4 Kb6 86. Kg5 Kxb5 87. Kh4 Kc6 88. Kg5 Kd5 89. Kh4 Ke4 90. Kg3 Kf5 91. Kh4 Kg6 92. Kg3 Kg5 93. Kh3 Ne4 94. Kg2 Kg4 95. Kh2 0-1

[Event "ARG-ch sf 98th"]
[Site "Buenos Aires"]
[Date "2023.05.06"]
[Round "8"]
[White "Campos, Maria Jose"]
[Black "Paris, Adolfo"]
[Result "1-0"]
[WhiteElo "2236"]
[BlackElo "1815"]
[PlyCount "59"]
[EventDate "2023.04.29"]
[EventType "swiss"]
[EventRounds "9"]
[EventCountry "ARG"]
[SourceTitle "CBM 214 Extra"]
[Source "ChessBase"]
[SourceDate "2023.07.31"]
[SourceVersion "1"]
[SourceVersionDate "2023.07.31"]
[SourceQuality "1"]

1. c4 b6 2. Nc3 e6 3. g3 Bb7 4. e4 f5 5. Bg2 Nf6 6. d3 Bb4 7. Nge2 fxe4 8. 0-0 0-0 9. dxe4 Bc5 10. h3 e5 11. a3 a5 12. Nd5 Nc6 13. Bg5 Nd4 14. Nec3 c6 15. Bxf6 gxf6 16. Ne3 Qe7 17. Rb1 Kh8 18. Na4 Ba6 19. Re1 f5 20. Nxc5 Qxc5 21. b4 axb4 22. axb4 Qe7 23. exf5 Nxf5 24. b5 Bb7 25. Ng4 Ra7 26. Rxe5 Qf7 27. Qb3 Rfa8 28. Rxf5 Qg7 29. Qe3 d6 30. Rg5 1-0

[Event "Buenos Aires Ciudad de Nueve op 4th"]
[Site "Buenos Aires"]
[Date "2022.10.08"]
[Round "1"]
[White "Paris, Adolfo"]
[Black "Gomez, Carlos David"]
[Result "0-1"]
[WhiteElo "1745"]
[BlackElo "2293"]
[PlyCount "67"]
[EventDate "2022.10.08"]
[EventType "swiss"]
[EventRounds "7"]
[EventCountry "ARG"]
[SourceTitle "EXT 2024"]
[Source "ChessBase"]
[SourceDate "2023.10.10"]
[SourceVersion "1"]
[SourceVersionDate "2023.10.10"]
[SourceQuality "1"]

1. c4 c5 2. g3 Nf6 3. Bg2 d5 4. cxd5 Nxd5 5. Nc3 Nc7 6. Nf3 Nc6 7. d3 e5 8. 0-0 Be7 9. Be3 Be6 10. a3 Qd7 11. Re1 f6 12. Rb1 Rc8 13. Qa4 a6 14. Rec1 Nd4 15. Bxd4 cxd4 16. Qxd7+ Bxd7 17. Ne4 Ne6 18. Rxc8+ Bxc8 19. Rc1 Bd7 20. Nfd2 f5 21. Nc4 fxe4 22. Nxe5 Bd6 23. Nc4 Ke7 24. Bxe4 Nc5 25. Nxd6 Kxd6 26. Bg2 Bc6 27. Rc4 Ne6 28. Bh3 Rd8 29. f4 g6 30. Kf2 Ke7 31. Bxe6 Kxe6 32. e3 b5 33. Rxd4 Rxd4 34. exd4 0-1